Turistický horský hotel

Na minha lista:
Detalhes bibliográficos
Autor principal: Slaninková, Alžbeta, 1986- (Author)
Outros Autores: Liščák, Jozef, 1935- (Thesis advisor)
Formato: Manuscrito Livro
Idioma:eslovaco
Publicado em: Bratislava : STU v Bratislave SvF, 2013
Assuntos:
Acesso em linha:VAIS
Tags: Adicionar Tag
Sem tags, seja o primeiro a adicionar uma tag!

MARC

LEADER 00000ntm a22000003a 4500
001 stu271330
005 20150617230231.8
008 130719s2013----xo------------------slo-d
040 |a STU  |b slo 
041 0 |a slo 
044 |a xo 
100 1 |a Slaninková, Alžbeta,  |d 1986-  |4 aut  |u V  |T SvF Stavebná fakulta  |X 39428  |U V  |Y 10  |7 A000039428 
242 0 0 |a Mountain tourist hotel  |y eng 
245 1 |a Turistický horský hotel 
260 |a Bratislava :  |b STU v Bratislave SvF,  |c 2013 
650 7 |a Building Structures and Architecture  |2 estusub 
650 7 |a parking  |2 estusub 
650 7 |a building  |2 estusub 
650 7 |a diplomová práca  |2 stusub 
650 7 |a parkovisko  |2 stusub 
650 7 |a zeleň  |2 stusub 
650 7 |a lyžiarske stredisko  |2 stusub 
650 7 |a objekt  |2 stusub 
700 1 |a Liščák, Jozef,  |d 1935-  |4 ths  |u V181  |U SvF Stavebná fakulta  |T SvF Katedra architektúry  |X 814  |U V181|V310  |Y 19  |7 A000000814 
856 4 |a info a plný text  |u http://is.stuba.sk/zp/portal_zp.pl?podrobnosti=91835  |3 VAIS